000 00612nam a22001937a 4500
999 _c172308
_d172308
005 20200131124415.0
010 _aA-688444
020 _c200.00
_a-
035 _aA-688444
037 _bDBAD/PUB
_a-
082 _a843.08
100 _aظلل ہما
245 _aد ھلی ميں ا ر د و ا فسا نہ (1947-1900
_cظلل ہما
246 _bDelhi Mein Urdu Afsana(1900-1947) (Urdu)
_aby Zille Huma
260 _aDelhi
_bShahid Publications
_c1994 ء
270 _a1456,Darya Ganj,
_bN.Delhi
_e110002
_k-
_l-
300 _a374 ص
_c22 Cm(Hb)
942 _2ddc
_cUR
_h843.08
_mظ ل ل